Statistics for General Knowledge Quiz #209

Click here to take the quiz!

General Stats

  • This quiz has been taken 28,398 times
  • The average score is 14 of 20

Answer Stats

QuestionAnswer% Correct
What language do most classical music direction words come from?
(examples: staccato, fermata, fortissimo)
Italian
90%
How many women competed in the first modern Olympic Games, held in 1896?None
89%
What are the 4 longest rivers that are mentioned in the Bible?Nile
87%
What was the primary crop farmed by the Aztecs?Maize
85%
What country does the name Séamus, a version of "James", come from?Ireland
80%
How do you say "please" in Spanish?Por favor
80%
Who couldn't all the king's horses and all the king's men put together again?Humpty Dumpty
79%
What country is the ancestral home of the avocado, and is still the top producer today?Mexico
78%
What "a" word refers to a bottomless pit?Abyss
72%
What large company has a mouse as its mascot?Disney
72%
Near which holiday would you be most likely to witness a Passion Play?Easter
71%
What company surpassed General Motors to become the world's largest automaker in 2008?Toyota
71%
What structure was officially called "Anti-Fascist Protection Rampart" by the
government of East Germany?
Berlin Wall
70%
What color of footwear was the Wicked Witch of the East wearing when
she was flattened by a house?
{Ruby} red
63%
What are the 4 longest rivers that are mentioned in the Bible?Euphrates
59%
What are the 4 longest rivers that are mentioned in the Bible?Tigris
57%
What are the 4 longest rivers that are mentioned in the Bible?Jordan
56%
What potentially painful procedure is sometimes performed by a mohel at a bris?Circumcision
48%
What city was officially named Nova Roma (New Rome) when it was refounded in 330 AD?Constantinople
39%
What word completes the common cliche? : "Never the ____ shall meet".Twain
33%

Score Distribution

Percentile by Number Answered

Percent of People with Each Score

Your Score History

You have not taken this quiz